| 000 | 00000nam##2200000za#4500 |
| 001 | 9.688883 |
| 003 | CaOODSP |
| 005 | 20210624231635 |
| 007 | cr ||||||||||| |
| 008 | 150407|2005||||xxc|||||o f|0| 0 eng|d |
| 040 | |aCaOODSP|beng |
| 043 | |an-cn--- |
| 086 | 1 |aH128-1/05-432E-PDF |
| 110 | 1 |aCanada. |bHealth Canada. |bHealthy Environments and Consumer Safety Branch. |
| 245 | 10|aProposed residential indoor air quality guidelines for formaldehyde / |h[electronic resource]|cauthor: Nicolas Gilbert. |
| 260 | |aOttawa - Ontario : |bHealth Canada. |cAugust 2005. |
| 300 | |a42p.|breferences, tables, photographs |
| 500 | |aThe catalogue number (H128-1-05-432E) and ISBN (0-662-41195-1) for the printed edition have been incorrectly copied in this PDF edition. |
| 520 | 3 |aIn the 1980s, Health Canada and the Federal-Provincial Advisory Committee on Occupational and Environmental Health (CEOH) developed a series of indoor air quality guidelines that were published in 1987 in a report entitled Exposure Guidelines for Residential Indoor Air Quality (CEOH 1989). However, since then, a significant amount of research has been carried out and published on the health effects of some of these substances, warranting a reassessment of the scientific basis of the guidelines and potentially a revision of the guidelines themselves. The purpose of this document is to revisit the guidelines developed for formaldehyde in view of epidemiological and toxicological studies published since 1987. |
| 590 | |a06-39|b2006-09-29 |
| 690 | 07|aAir quality|2gcpds |
| 720 | 1 |aGilbert, Nicolas |
| 775 | 08|tProposition de valeurs-guides pour le formaldéhyde dans l'air intérieur résidentiel / |w(CaOODSP)9.633303 |
| 776 | 0#|tProposed residential indoor air quality guidelines for formaldehyde / |w(CaOODSP)9.649813 |
| 856 | 40|ahttp://publications.gc.ca|qPDF|s793 KB|uhttps://publications.gc.ca/collections/Collection/H128-1-05-432E.pdf |